| 000 | 00549nam a22001932 4500 | ||
|---|---|---|---|
| 001 | 0000002707 | ||
| 005 | 20170406114433.0 | ||
| 008 | 140331s xx 000 0 eng d | ||
| 020 | _c$ | ||
| 040 |
_aYour Holding Symbol _cYour Holding Symbol |
||
| 100 | 1 | _aUhler Lewis K. | |
| 245 | 1 | 0 |
_aSetting limits : _bconstitutional control of government. |
| 250 | _a ed. | ||
| 260 |
_aWashington : _bGaterway, _c1989. |
||
| 300 |
_a222 p. ; _c cm. |
||
| 504 | _aindex. | ||
| 650 | 0 | _atax and expenditure limitations. | |
| 908 | _a140331 | ||
| 999 |
_c2593 _d2593 |
||